|
|
|
|
| LEADER |
00000nam0a2200000 4500 |
| 001 |
300765 |
| 005 |
20231102001332.0 |
| 035 |
|
|
|a (RuTPU)RU\TPU\book\325918
|
| 090 |
|
|
|a 300765
|
| 100 |
|
|
|a 20150716d1980 km y0rusy5003 ca
|
| 101 |
0 |
|
|a rus
|
| 102 |
|
|
|a UA
|
| 105 |
|
|
|a a z 000zy
|
| 200 |
1 |
|
|a Технологическая инструкция по дуговой сварке алюминия и деформируемых алюминиевых сплавов в инертных газах. ТИ-112-80
|
| 210 |
|
|
|a Киев
|c Изд-во ИЭС
|d 1980
|
| 215 |
|
|
|a 66 с.
|c ил.
|d 20 см
|
| 606 |
1 |
|
|a Электросварка дуговая в защитной атмосфере
|2 stltpush
|3 (RuTPU)RU\TPU\subj\20795
|9 45872
|
| 610 |
1 |
|
|a алюминий
|
| 610 |
1 |
|
|a дуговая электросварка
|
| 610 |
1 |
|
|a инертные газы
|
| 610 |
1 |
|
|a автоматическая сварка
|
| 610 |
1 |
|
|a ручная сварка
|
| 610 |
1 |
|
|a технологические инструкции
|
| 675 |
|
|
|a 621.791.754
|z rus
|v 4
|
| 801 |
|
0 |
|a RU
|b RuMRKP
|c 19950704
|g psbo
|
| 801 |
|
1 |
|a RU
|b 63413507
|c 20150716
|
| 801 |
|
2 |
|a RU
|b 63413507
|c 20180615
|g RCR
|
| 942 |
|
|
|c BK
|